| 000 | 01072cam a22002773a 4500 | ||
|---|---|---|---|
| 001 | 2514 | ||
| 005 | 20241120091553.0 | ||
| 020 | _a9780590445955 | ||
| 020 | _a078073002757 | ||
| 020 | _a9780590445952 | ||
| 040 |
_aJBF _cJBF _dSPP _dBTCTA _dBAKER _dYDXCP _dCQF _dDLC _beng |
||
| 050 | 0 | 0 | _aQH45.5 |
| 082 | _a001.94 | ||
| 100 | 1 | _aLord, Suzanne | |
| 245 | 1 | 0 |
_aOur world of mysteries ; _bfascinating facts about the planet earth / _cSuzanne Lord. |
| 250 | _aFirst Scholastic printing, September 1991 | ||
| 260 |
_aNew York : _bScholastic, _c1991 |
||
| 300 |
_a92 pages : _billustrations ; _c20 cm |
||
| 505 | _aZ | ||
| 520 | _aFrom the ocean abyss, where odd creatures live in complete darkness, to the Anasazi people, who vanished from the Earth, leaving only ancient apartments behind, readers will discover some of the earth's strangest places and most fantastic mysteries in this literary adventure. | ||
| 521 |
_a930 _bLexile |
||
| 521 |
_aZ _bRaz-Plus |
||
| 650 | 0 | _aNatural history. | |
| 906 |
_a7 _bcbc _ccopycat _d2 _encip _f20 _gy-genrareb |
||
| 942 |
_2ddc _cBK _n0 |
||
| 999 |
_c2514 _d2514 |
||